| 000 | 00893nam a22002417a 4500 | ||
|---|---|---|---|
| 999 |
_c21596 _d21596 |
||
| 003 | AR-CdUCM | ||
| 008 | 190312b ||||| |||| 00| 0 spa d | ||
| 020 | _a9786124191121 | ||
| 040 |
_aMUNICIPALIDAD PROVINCIAL DEL CUSCO _cBIBLIOTECA MUNICIPAL DEL CUSCO |
||
| 082 |
_a101/L46 _bL46 |
||
| 100 |
_aLeón Cannock, Alejandro _945474 |
||
| 245 |
_aCartografías del pensamiento : _bensayos de filosofía popular / _cAlejandro León Cannock |
||
| 260 |
_aLima : _bUniversidad Peruana de Ciencias Aplicadas, _c2013. |
||
| 300 |
_a228 páginas. : _c22 cm. |
||
| 500 | _zBibliografía: p. 223-228. | ||
| 505 | _aContenido: Existencia y subjetividad -- Ética y pedagogía -- Viaje y pensamiento. | ||
| 650 |
_aFilosofía _9395 |
||
| 650 |
_aEnsayos _945475 |
||
| 650 |
_aConferencias _9376 |
||
| 710 |
_aUniversidad Peruana de Ciencias Aplicadas _945331 |
||
| 942 |
_2ddc _cLIBROS |
||
| 945 | _aRoel | ||